Gimnasia correctiva postural
Сохранить в:
| Главные авторы: | , |
|---|---|
| Формат: | |
| Язык: | испанский |
| Опубликовано: |
Barcelona
Paidotribo
1995
|
| Серии: | Colección Medicina Deportiva
|
| Предметы: | |
| Метки: |
Добавить метку
Нет меток, Требуется 1-ая метка записи!
|
MARC
| LEADER | 00000nam a2200000 a 4500 | ||
|---|---|---|---|
| 001 | UCZ6935 | ||
| 003 | CL-VaPUC | ||
| 008 | 951219e19950000SP |||||||||||||||||spa|d | ||
| 082 | 0 | 4 | |a 613.78 |b EIN |2 21 |
| 100 | 0 | |a Einsingbach, Thomas |e author |9 351573 | |
| 700 | 0 | |a Wessinghage, Thomas |e author |9 351574 | |
| 245 | 1 | 0 | |a Gimnasia correctiva postural |
| 300 | |a 133 p | ||
| 942 | |c BK | ||
| 945 | |d 19951219 00:00:00 |a rleighto | ||
| 260 | |a Barcelona |b Paidotribo |c 1995 | ||
| 650 | 7 | |a DEPORTE |2 CL-VaPUC |9 351575 | |
| 650 | 7 | |a GIMNASIA |2 CL-VaPUC |9 307275 | |
| 650 | 0 | |a Medicina deportiva |9 307562 | |
| 650 | 0 | |a Músculos |9 269552 | |
| 583 | |a last modification |c 19951219 00:00:00 |k Rodrigo Vera | ||
| 490 | 0 | |a Colección Medicina Deportiva | |
| 999 | |c 243077 |d 243075 | ||
| 952 | |0 0 |1 0 |4 0 |6 613_780000000000000_EIN_1995 |7 0 |8 A |9 256489 |a BIBEDU |b BIBEDU |d 2019-11-19 |i 3161587 |l 1 |o 613.78 EIN 1995 |p 3161587 |r 2024-04-23 |s 2024-04-23 |w 2019-11-19 |y BK |k EFI | ||